000 00859nam a22002777a 4500
003 OSt
005 20230321083019.0
008 160606b xxu||||| |||| 00| 0 eng d
010 _a 00513970
020 _a0451407725
035 _a(OCoLC)ocm42729548
040 _aMMU
_cMMU
_dMMU
_beng
050 0 0 _aPS3667 .D66 1999
100 1 _aDomning, Denise.
245 1 0 _aLady in white /
_cDenise Domning.
260 _aNew York, N.Y. :
_bA Signet book,
_c1999.
300 _a342 p. :
_c18 cm.
440 0 _aLords of Midnight
650 0 _aHistorical fiction.
651 0 _aEngland
_xSocial life and customs
_y16th century.
655 7 _aHistorical fiction.
_2gsafd
655 7 _aLove stories.
_2gsafd
710 2 _aCopyright Paperback Collection (Library of Congress)
_5DLC
906 _a7
_bcbc
_ccopycat
_d2
_encip
_f20
_gy-genrareb
942 _2lcc
_cLOAN LOAN
999 _c17348
_d17348